00565nam a2200181Ia 4500008004100000040001400041082001100055100002100066245003000087260001100117365002800128366000800156630003000164730003000194942000900224999001900233952013100252100315s9999 xx 000 0 und d cENGLISH  b2827  a"Grewal, T. S. " aIntroducton TO Accountacy c1995  eRupees d1 b110.00  f0  aIntroducton TO Accountacy aIntroducton TO Accountacy cBOOK c477562d477559 00104070aVPMBRIMSbVPMBRIMSd2008-06-05g110.00l0o /GRE  2827 pVPMBRIMS-2827 r2010-03-19 00:00:00w2010-03-19yBOOK